00465nam a2200157 i 450000100060000000300090000600500170001500700030003200800410003513000450007624500900012125000310021126000220024270000190026485200240028332080ES-MaACL20250819000536.0t|030214s1919 mx ||||1| spa d00aBiblia. pA. T. pCantar de los cantares10aCantar de los cantares del glorioso Salomon / cversión española de Lucas Ribera. a2ª ed. privada del autor. aMéxico, c1919.1 aRibera, Lucas. aES-MaACLj1642-F-18